Multiple Choice City Quiz – Patras - Statistics

General Stats
  • This quiz has been taken 64 times
    59 since last reset
  • The average score is 5 of 10
Answer Stats
Question Answer % Correct
In what region of Greece is Patra? Peloponnese
84%
What body of water does Patra touch? Ionian Sea
82%
What is Patra's most renowned annual event? Carnival
68%
What is the name of Patra's main square? Georgiou I Square
64%
Which famous Greek poet was born in Patra? Kostis Palamas
54%
What is Patra's famous football club? Panachaiki
48%
How is the bridge connecting Patra to mainland Greece called? Rio-Antirrio Bridge
46%
What is the closest famous archeological site to Patra? Olympia
36%
What is the main shopping street in Patra? Patreos Street
32%
Who is the most important saint of Patra? St Andrew
32%
No matching quizzes found
Score Distribution
Percent of People with Each Score
Percentile by Number Answered
Your Score History
You have not taken this quiz since the last reset